<?xml version="1.0" encoding="UTF-8"?>
<record
    xmlns:xsi="http://www.w3.org/2001/XMLSchema-instance"
    xsi:schemaLocation="http://www.loc.gov/MARC21/slim http://www.loc.gov/standards/marcxml/schema/MARC21slim.xsd"
    xmlns="http://www.loc.gov/MARC21/slim">

  <leader>00298nam a2200109Ia 4500</leader>
  <controlfield tag="001">588866</controlfield>
  <controlfield tag="005">20250717120838.0</controlfield>
  <controlfield tag="008">250717s9999    xx            000 0 und d</controlfield>
  <datafield tag="245" ind1=" " ind2="0">
    <subfield code="a">Y-6 &#xC7;&#x130;ZG&#x130;LERLE NASRED&#x130;N HOCA VE E&#x15E;E&#x11E;&#x130;</subfield>
    <subfield code="c">ERDO&#x11E;AN O&#x11E;ULTEK&#x130;N</subfield>
  </datafield>
  <datafield tag="260" ind1=" " ind2=" ">
    <subfield code="b">HAYAT YAYINLARI</subfield>
    <subfield code="c">2018</subfield>
  </datafield>
  <datafield tag="300" ind1=" " ind2=" ">
    <subfield code="b">63</subfield>
  </datafield>
  <datafield tag="999" ind1=" " ind2=" ">
    <subfield code="c">588866</subfield>
    <subfield code="d">588866</subfield>
  </datafield>
</record>
